| 000 | 00567nam a2200169Ia 4500 | ||
|---|---|---|---|
| 003 | GCL | ||
| 008 | 140319s9999 xx 000 0 ara d | ||
| 040 |
_aGCL / _cGCL |
||
| 082 | 0 | 4 |
_a933 _bز م |
| 100 | 1 | _aزياد منى | |
| 245 | 1 | 0 |
_aمقدمة فى تاريخ فلسطين القديم / _cزياد منى |
| 260 |
_aبيروت : _bبيسان للنشر والتوزيع ، _c2000 |
||
| 300 |
_a502 ص ؛ _c24 سم |
||
| 650 | 0 | 4 | _aفلسطين القديمة - تاريخ |
| 650 | 0 | 4 | _aفلسطين - تاريخ - العصر الاسلامى |
| 942 |
_2ddc _cBK |
||
| 999 |
_c5071 _d5071 |
||